Statistics for Which City is Bigger: UK or US

Click here to take the quiz!

General Stats

  • This quiz has been taken 53 times
  • The average score is 11 of 15

Answer Stats

QuestionAnswer% Correct
Pick the biggest cityNew York, NY
100%
Pick the biggest cityBirmingham, UK
97%
Pick the biggest cityManchester, UK
97%
Pick the biggest cityPortland, OR
94%
Pick the biggest placeJersey City, NJ
94%
Pick the biggest cityCleveland, OH
92%
Pick the biggest cityLincoln, NE
75%
Pick the biggest cityNorfolk, VA
72%
Pick the biggest cityLancaster, CA
67%
Pick the biggest cityDurham, NC
61%
Pick the biggest cityCambridge, UK
44%
Pick the biggest cityNewcastle, UK
44%
Pick the biggest cityEdinburgh, UK
42%
Pick the biggest cityHuddersfield, UK
39%
Pick the biggest cityOxnard, CA
33%

Score Distribution

Percentile by Number Answered

Percent of People with Each Score

Your Score History

You have not taken this quiz